[Event "Imperia op-A 23rd"]
[Site "Imperia"]
[Date "1981.09.12"]
[Round "7.138"]
[White "Amoretti, Giangiacomo"]
[Black "Sanchez, Fernando"]
[Result "0-1"]
[WhiteElo "1900"]
[BlackElo "2000"]
[PlyCount "76"]
[EventDate "1981.09.06"]
[EventType "swiss"]
[EventRounds "8"]
[EventCountry "ITA"]
[SourceTitle "EXT 2024"]
[Source "ChessBase"]
[SourceDate "2023.10.10"]
[SourceVersion "1"]
[SourceVersionDate "2023.10.10"]
[SourceQuality "1"]

1. c4 Nf6 2. Nc3 e5 3. Nf3 Nc6 4. g3 Be7 5. Bg2 0-0 6. 0-0 d6 7. d4 exd4 8. Nxd4 Bd7 9. b3 Re8 10. Bb2 Bf8 11. h3 g6 12. Nd5 Bg7 13. Re1 Qc8 14. Nxc6 Nxd5 15. Bxg7 bxc6 16. Qd4 f6 17. Bh6 Ne7 18. Qxf6 Nf5 19. Bc1 Rf8 20. Qc3 Ng7 21. Bb2 Rf7 22. g4 Qd8 23. Rad1 Qh4 24. Rf1 Re8 25. e4 h5 26. Rd3 hxg4 27. hxg4 Bxg4 28. Re3 Ne6 29. Bh3 Nf4 30. Bxg4 Qxg4+ 31. Rg3 Qxg3+ 32. Qxg3 Ne2+ 33. Kg2 Nxg3 34. Kxg3 Rxe4 35. Rh1 Rh7 36. Rxh7 Kxh7 37. Kf3 d5 38. Bf6 Re8 0-1

[Event "Imperia op-A 23rd"]
[Site "Imperia"]
[Date "1981.09.09"]
[Round "4.80"]
[White "Faraci, Antonino"]
[Black "Amoretti, Giangiacomo"]
[Result "1-0"]
[WhiteElo "2088"]
[BlackElo "1900"]
[PlyCount "55"]
[EventDate "1981.09.06"]
[EventType "swiss"]
[EventRounds "8"]
[EventCountry "ITA"]
[SourceTitle "EXT 2024"]
[Source "ChessBase"]
[SourceDate "2023.10.10"]
[SourceVersion "1"]
[SourceVersionDate "2023.10.10"]
[SourceQuality "1"]

1. e4 d6 2. d4 Nf6 3. Nc3 g6 4. Be2 Bg7 5. Bg5 c6 6. Qd2 b5 7. a3 Nbd7 8. Bh6 Bxh6 9. Qxh6 Qa5 10. b4 Qb6 11. Nf3 Bb7 12. 0-0 0-0-0 13. h3 a6 14. e5 dxe5 15. dxe5 Nd5 16. Nxd5 cxd5 17. a4 bxa4 18. Rxa4 Qc6 19. Rfa1 Nb8 20. Ra5 Qb6 21. b5 axb5 22. Rxb5 Qc6 23. Rab1 Rd7 24. Qd2 d4 25. Qa5 Rc7 26. Ne1 Qd7 27. Bf3 Nc6 28. Qa4 1-0

[Event "Imperia op-A 23rd"]
[Site "Imperia"]
[Date "1981.09.08"]
[Round "3.57"]
[White "Amoretti, Giangiacomo"]
[Black "Giubbolini, Ilio"]
[Result "0-1"]
[WhiteElo "1900"]
[BlackElo "2013"]
[PlyCount "172"]
[EventDate "1981.09.06"]
[EventType "swiss"]
[EventRounds "8"]
[EventCountry "ITA"]
[SourceTitle "EXT 2024"]
[Source "ChessBase"]
[SourceDate "2023.10.10"]
[SourceVersion "1"]
[SourceVersionDate "2023.10.10"]
[SourceQuality "1"]

1. Nf3 Nf6 2. d4 e6 3. c4 d5 4. Nc3 c5 5. cxd5 Nxd5 6. e4 Nxc3 7. bxc3 cxd4 8. cxd4 Bb4+ 9. Bd2 Bxd2+ 10. Qxd2 0-0 11. Bc4 Nc6 12. 0-0 Qa5 13. Qe2 Qh5 14. Rad1 a6 15. h3 b5 16. Bd3 Bb7 17. Rfe1 Rad8 18. Bb1 Kh8 19. Kh2 Ne7 20. Rc1 Rc8 21. Qd2 f6 22. a4 g5 23. Ba2 Rxc1 24. Qxc1 g4 25. Ng1 Bc8 26. Qc7 Ng6 27. Qd6 e5 28. d5 gxh3 29. Nxh3 Bxh3 30. gxh3 Qf3 31. Qc5 Rg8 32. Rg1 Qf4+ 33. Rg3 Qxe4 34. d6 Rd8 35. Qc7 Qa8 36. d7 Kg7 37. Qd6 Qb8 38. Qe7+ Kh6 39. Qf7 Qb6 40. Rg2 Qd6 41. Be6 Qf8 42. Qxf8+ Nxf8 43. Rg8 Nxe6 44. Re8 Rxd7 45. Rxe6 Kg5 46. Rxa6 bxa4 47. Rxa4 f5 48. Kg2 e4 49. Ra3 f4 50. Ra5+ Kf6 51. Ra4 Rg7+ 52. Kf1 Re7 53. f3 Kf5 54. fxe4+ Rxe4 55. Ra5+ Re5 56. Ra7 h5 57. Rg7 Ke4 58. Kf2 Rd5 59. Re7+ Kf5 60. Rg7 Rd2+ 61. Kf3 Rd3+ 62. Kg2 h4 63. Rf7+ Kg5 64. Rg7+ Kf6 65. Rh7 Rg3+ 66. Kh2 Kg5 67. Rg7+ Kf5 68. Rh7 Ke4 69. Rxh4 Rg8 70. Rh7 f3 71. Re7+ Kf4 72. Rf7+ Ke3 73. Re7+ Kf2 74. Ra7 Rg2+ 75. Kh1 Kg3 76. Rg7+ Kf2 77. Ra7 Rg1+ 78. Kh2 Re1 79. h4 Re2 80. Kh3 Kf1 81. Kg3 f2 82. Ra1+ Re1 83. Ra2 Re3+ 84. Kf4 Re2 85. Ra3 Re8 86. Kf3 Rg8 0-1